[Event "Evergreen Empire Open"]
[Site "?"]
[Date "1976.06.27"]
[Round "4"]
[White "Jarmon, R."]
[Black "Bailey, B."]
[Result "0-1"]
[WhiteElo "100"]
[BlackElo "1821"]
[Annotator "Stockfish 14 (15s)"]
[PlyCount "132"]

{A17: English Opening: 1...Nf6 with ...Bb4} 1. c4 e6 2. Nc3 Nf6 3. Nf3 d5 4.
cxd5 exd5 5. g3 c6 6. Bg2 Bd6 7. Qc2 (7. O-O O-O 8. a3 Bg4 9. b4 Qd7 10. d3 Re8
11. Re1 Na6 12. Bb2 Re7 13. Rc1 Rae8 14. Qd2 Nc7 15. Nd4 a6 16. Na4 h6 17. Nb6
Rxe2 18. Qc3 Nb5 19. Nxb5 Qf5 20. Rxe2 Rxe2 21. Qc2 Qxf2+ {
Baars,L (1030)-Schubert,S (1977) Verden 2006 0-1}) 7... O-O 8. O-O Be6 $146 (
8... Bg4 9. h3 Bh5 10. d3 Nbd7 11. Be3 Re8 12. Rac1 Bxg3 13. Bxa7 Bxf3 14. Bxf3
Bf4 15. e3 Ne5 16. Bg2 Rxa7 17. exf4 Ng6 18. f5 Nh4 19. d4 Qd7 20. Rfe1 Rxe1+
21. Rxe1 Qxf5 22. Qe2 Ra8 23. b4 {
Kovacs,P (2091)-Tokarcsik,V (2183) Heves 2000 0-1}) (8... Re8 9. d3 Nbd7 10. a3
Ne5 11. Nxe5 Bxe5 12. Rb1 Bf5 13. Re1 h6 14. b4 Rc8 15. Na4 d4 16. Bd2 Nd7 17.
Rb2 Nb6 18. Nc5 Re7 19. Qb1 Nd5 20. Rc2 Bg6 21. Kf1 Kh8 22. Rec1 Bf5 23. Qb3 {
Phung Nguyen Tuong,M-Vu Trung Hieu Vietnam 2002 0-1 (31)}) (8... Re8 $11) 9. e4
(9. d3 $5 Na6 10. e4 $14) 9... dxe4 (9... Nxe4 10. Nxe4 dxe4 11. Qxe4 $17) 10.
Ng5 $11 Bf5 11. Ngxe4 Na6 12. Qb3 $2 (12. d4 $142 $5 Nxe4 13. Bxe4 Bxe4 14.
Qxe4 $11) 12... Nxe4 13. Nxe4 Bxe4 14. Bxe4 Nc5 15. Qc2 Nxe4 16. Qxe4 Re8 17.
Qc4 Be5 18. d3 Bd4 (18... Qd7 19. Qb3 $19) 19. Rb1 (19. Bd2 Re5 20. Bc3 Rd5 $17
) 19... Qf6 (19... Qd7 $142 $5 20. Bd2 b5 $19) 20. Bg5 Qd6 21. Bf4 $2 (21. Be3
$142 Bxe3 22. fxe3 $17) 21... Qd7 $19 22. b3 $2 (22. Qc2 Re6 23. Rbe1 $19)
22... Re2 23. a4 (23. Be3 Bxe3 24. fxe3 $19) 23... Rae8 24. Rbc1 (24. Be3 Bxe3
25. fxe3 R8xe3 $19) 24... h6 25. Rc2 g5 (25... Re1 $5 26. Qb4 Rxf1+ 27. Kxf1
$19) 26. Bc1 (26. Rxe2 Rxe2 27. Be3 Bxe3 28. fxe3 Rxe3 29. Rf6 $19) 26... c5 (
26... Re1 $142 27. Be3 Rxf1+ 28. Kxf1 Bxe3 29. fxe3 Rxe3 $19) 27. Rxe2 $15 Rxe2
28. Be3 Bxe3 29. fxe3 Rxe3 30. Qxc5 Rxd3 (30... Qxd3 $143 31. Qc8+ Kg7 32. Qxb7
Qxb3 33. Qxa7 $11) 31. Qxa7 Rxb3 (31... Qd5 $142 $17) 32. a5 $4 (32. Qb8+ $142
Kh7 33. Qe5 $11) 32... Qd5 $19 33. Qf2 Ra3 34. Qf5 (34. Qf6 Rxa5 35. Re1 Qc5+
36. Kh1 Qc6+ 37. Qxc6 bxc6 $19) 34... Rxa5 35. Qc8+ (35. Qxd5 Rxd5 36. Rf6 Rd1+
37. Kg2 Rd2+ 38. Kg1 Rb2 $19) 35... Kg7 36. Qc3+ Qe5 37. Qf3 Qd5 (37... Qe7 38.
Qc3+ Re5 39. Rf5 $19) 38. Qc3+ Kg8 (38... Qe5 $142 $5 39. Qb3 Qd4+ 40. Kg2 Qd5+
41. Qxd5 Rxd5 42. Rc1 $19) 39. Qc8+ Kh7 40. Qc2+ f5 41. Qc7+ (41. Rd1 Qe5 42.
Qc4 $19) 41... Kg6 42. Qb6+ (42. Qc2 Qc5+ 43. Qxc5 Rxc5 44. Rb1 $19) 42... Kh5
43. Qf2 (43. Qe3 Ra2 44. Rf3 Ra1+ 45. Kg2 $19) 43... Ra2 44. Qf3+ Qxf3 45. Rxf3
Kg4 46. Rb3 Kh3 47. g4+ Kxg4 48. Rxb7 h5 49. Rb3 Re2 50. Rg3+ Kf4 51. Rh3 h4
52. Rb3 Re3 (52... g4 53. Rb4+ Kf3 54. Rb1 h3 55. Rf1+ Ke4 56. Ra1 f4 57. Ra3
Re3 58. Ra1 g3 59. Rb1 Kf3 60. Rf1+ Kg4 61. Rc1 Re2 62. hxg3 Kxg3 63. Rb1 f3
64. Ra1 f2+ 65. Kf1 Re1+ 66. Rxe1 fxe1=Q+ (66... fxe1=B $6 67. Kg1 $11) 67.
Kxe1 h2 68. Kd2 h1=Q 69. Kd3 Qh4 70. Kc3 Qa4 71. Kd3 Kf2 72. Kc3 Ke2 73. Kb2
Kd2 74. Kb1 Kc3 75. Kc1 Qc2#) 53. Rb5 g4 54. Kf1 Re5 55. Rb3 Re3 56. Rb5 Ke4
57. Kf2 Rf3+ 58. Kg2 h3+ 59. Kg1 Rd3 60. Kf2 Rd2+ 61. Kg1 f4 62. Rb3 (62. Rb1
g3 63. Rb4+ Kf5 64. hxg3 fxg3 65. Rb5+ Ke4 66. Rb4+ Rd4 67. Rb1 h2+ 68. Kg2 Kf4
69. Rf1+ Kg4 70. Re1 Rd2+ 71. Kh1 Kh3 72. Re3 Rd1+ 73. Re1 Rxe1#) 62... Rd3 (
62... Rd1+ 63. Kf2 g3+ 64. hxg3 h2 65. Rb4+ Kd3 66. Rb3+ Kc4 67. Rb8 h1=Q 68.
Rc8+ Kb3 69. gxf4 Rf1+ 70. Ke3 Rxf4 71. Kxf4 Qh4+ 72. Ke5 Qe7+ 73. Kf4 Qf6+ 74.
Kg3 Qg5+ 75. Kh2 Qh4+ 76. Kg1 Qg4+ 77. Kf2 Qxc8 78. Kf3 Qf5+ 79. Kg2 Kc2 80.
Kg3 Kd3 81. Kg2 Ke3 82. Kg1 Kf3 83. Kh1 Kf2 84. Kh2 Qh7#) 63. Rb1 g3 64. Re1+ (
64. Ra1 Kf3 65. Rb1 Ke2 66. Rb2+ Rd2 67. Rb1 Rd1+ 68. Rxd1 Kxd1 69. hxg3 f3 70.
Kf2 h2 71. Kxf3 h1=Q+ 72. Kf4 Qh2 73. Kf3 Ke1 74. g4 Qe5 75. Kg2 Qf4 76. g5
Qxg5+ 77. Kf3 Qe5 78. Kg2 Qe3 79. Kh1 Kf2 80. Kh2 Qh6#) 64... Kf3 65. Rf1+ (65.
Rb1 Ke2 66. Rb2+ Rd2 67. Rb1 Rd1+ 68. Rxd1 Kxd1 69. hxg3 f3 70. Kf2 h2 71. Kxf3
h1=Q+ 72. Kf4 Qh2 73. Kf3 Ke1 74. g4 Qe5 75. Kg2 Qf4 76. Kh3 Qf2 77. g5 Qf4 78.
Kg2 Qxg5+ 79. Kf3 Qe5 80. Kg2 Qe3 81. Kh1 Kf2 82. Kh2 Qh6#) 65... Ke2 $19 66.
hxg3 Rxg3+ (66... Rxg3+ 67. Kh2 Kxf1) 0-1

[Event "Evergreen Empire Open"]
[Site "?"]
[Date "1976.06.27"]
[Round "5"]
[White "Bailey, B."]
[Black "Johnson, W."]
[Result "1-0"]
[WhiteElo "1821"]
[BlackElo "1649"]
[Annotator "Stockfish 14 (15s)"]
[PlyCount "61"]

{B01: Scandinavian Defence} 1. e4 d5 2. exd5 e6 3. Bb5+ Bd7 4. dxe6 (4. Bxd7+
Qxd7 5. dxe6 Qxe6+ 6. Qe2 Qxe2+ 7. Nxe2 Nc6 8. c3 O-O-O 9. d4 Nf6 10. O-O Bd6
11. Nd2 Rhe8 12. Ng3 g6 13. Nc4 Ne4 14. Nxe4 Rxe4 15. Nxd6+ Rxd6 16. Be3 Ne7
17. Rfe1 Rde6 18. Rad1 Nf5 {
Guillaumat,J (1399)-Le Gal,L (1620) Hennebont 2006 1-0 (62)}) 4... Qe7 5. Bxd7+
Nxd7 6. Qe2 fxe6 $146 (6... Nc5 7. exf7+ Kxf7 8. Qxe7+ Bxe7 9. Nf3 Bf6 10. O-O
Nh6 11. d4 Na4 12. b3 Nb6 13. Bb2 Rhe8 14. Na3 Re7 15. Rfe1 Rae8 16. Kf1 Rxe1+
17. Rxe1 Rxe1+ 18. Kxe1 Nd5 19. h3 c5 20. Nc4 Ke6 21. dxc5 {
Jans,M (2168)-Segelken,P Bad Zwischenahn 2002 1-0}) 7. Nf3 Ngf6 (7... e5 8. d3
O-O-O 9. Nc3 $18) 8. Nc3 (8. d4 O-O-O 9. O-O Re8 $18) 8... O-O-O (8... e5 9.
O-O O-O-O 10. d3 $18) 9. d3 (9. d4 Re8 10. Bf4 a6 $18) 9... h6 10. Bd2 Qf7 11.
O-O-O (11. O-O Re8 12. Qe3 Kb8 $18) 11... Bb4 (11... Bd6 12. Kb1 $18) 12. a3
Ba5 13. Ne5 (13. Kb1 Rhe8 $18) 13... Nxe5 14. Qxe5 Nd5 (14... Bb6 15. Rde1 $18)
15. f3 Rd6 (15... Rhe8 16. Rde1 $18) 16. Nxd5 (16. Rhe1 $5 Bxc3 17. Bxc3 Nxc3
18. Qxc3 Qf6 $18) 16... Rxd5 (16... Bxd2+ 17. Rxd2 exd5 18. Re1 $18) 17. Qf4 (
17. Qe1 $142 Qf5 $18) 17... Qe7 (17... Qf6 18. Qa4 Bxd2+ 19. Rxd2 $18) 18. Bxa5
(18. Rhe1 $5 Bxd2+ 19. Rxd2 Re8 $18) 18... Rxa5 19. Qb4 (19. Rde1 $142 $5 Qg5
20. Qd2 Qxd2+ 21. Kxd2 Kd7 $18) 19... Qxb4 20. axb4 Ra1+ (20... Rg5 21. Rd2 h5
$18) 21. Kd2 Rxd1+ 22. Rxd1 Rf8 23. Ra1 Kb8 (23... Rf4 24. c3 a6 25. h3 $18)
24. Re1 Rf6 25. b5 c6 (25... b6 26. h4 $18) 26. bxc6 bxc6 27. Kc3 (27. Re5 Kc7
$18) 27... Kb7 (27... Rg6 28. g3 Rf6 29. b4 $18) 28. Kd4 Kb6 (28... a5 29. Re5
Kb6 30. h4 $18) 29. Ke5 Kb7 (29... Kc7 30. b4 $18) 30. Re4 Kc7 (30... Rf8 31.
h4 $18) 31. Rg4 (31. Rg4 Rf7 32. Kxe6 $18) 1-0

[Event "Boeing Playoff"]
[Site "?"]
[Date "1976.06.22"]
[Round "1"]
[White "Bailey, B."]
[Black "Pitt, A."]
[Result "0-1"]
[WhiteElo "2042"]
[BlackElo "1915"]
[Annotator "Stockfish 12 (20s)"]
[PlyCount "130"]

{B10: Caro-Kann: 2 d3 and 2 c4} 1. e4 c6 2. c4 d5 3. cxd5 cxd5 4. exd5 Nf6 5.
d4 (5. Nf3 g6 6. Nc3 Nxd5 7. Qb3 Nb6 8. Bb5+ N8d7 9. Ng5 e6 10. d4 Bg7 11. Be3
O-O 12. O-O-O Nf6 13. h4 Nfd5 14. Nce4 a6 15. Be2 Bd7 16. Nc5 Bc6 17. Kb1 Nxe3
18. fxe3 Bxg2 19. Rhg1 Bd5 {
Barskij,V (2320)-Rudolf,M (2230) Warsaw 1993 0-1 (33)}) 5... Nxd5 6. Nf3 Bf5
$146 (6... Bg4 7. Bb5+ (7. Qb3 Nb6 8. Ne5 Be6 9. Bb5+ N8d7 10. Qf3 f6 11. Nxd7
Bxd7 12. Nc3 a6 13. Bd3 g6 14. Qxb7 Bc8 15. Qc6+ Bd7 16. Qf3 Bg7 17. O-O O-O
18. Re1 e5 19. Be4 Rb8 20. d5 f5 21. Bc2 e4 {
Bockelmann,R (1639)-Cirakoglu,A (1555) Berlin 2004 0-1 (52)}) (7. Bc4 e6 8. O-O
Nc6 9. Re1 Bb4 10. Bd2 Bxd2 11. Nbxd2 O-O 12. Nb3 Nb6 13. Be2 Qf6 14. Ne5 Bxe2
15. Qxe2 Nb4 16. Red1 Rfd8 17. Nc5 Rab8 18. a3 N4d5 19. Rac1 Qg5 20. Nxf7 Nf4
21. Nxg5 Nxe2+ {Muzychuk,A-Garcia Bielsa,C Oropesa del Mar 1999 1-0 (43)}) 7...
Nd7 8. O-O e6 9. h3 Bxf3 10. Qxf3 Be7 11. Nc3 Nxc3 12. bxc3 a6 13. Bd3 b5 14.
a4 bxa4 15. Rxa4 a5 16. Qh5 Nf6 17. Bb5+ Nd7 18. d5 exd5 19. Qxd5 Rc8 20. Rd1
Rc7 21. Bf4 {Muzychuk,A-Ivanenko,O Nikolaev 2000 1-0 (32)}) (6... Qc7 7. Nc3
Nxc3 8. bxc3 e6 9. Bd2 Be7 10. Bd3 Nd7 11. O-O O-O 12. Re1 b6 13. Ne5 Nxe5 14.
Rxe5 g6 15. Qf3 Bb7 16. Qh3 Bd6 17. Rg5 Rad8 18. Rg4 f5 19. Rh4 Rf7 20. f4 Be7
21. Rh6 {Mursaniow,J-Brueggemann,J (2285) Germany 1997 1/2-1/2}) 7. Bd3 (7. Nc3
Nc6 8. Bb5 e6 $11) 7... Bxd3 8. Qxd3 e6 9. O-O Nc6 10. Nc3 Be7 11. Nxd5 (11.
Ne5 $5 $15) 11... Qxd5 $17 12. Rd1 O-O 13. a3 Rfd8 14. Be3 h6 (14... Bf6 15.
Qe2 $17) 15. Rac1 e5 16. Qf5 e4 17. Qxd5 Rxd5 18. Ne5 Rc8 (18... Nd8 $142 $5
$17) 19. Kf1 f6 20. Ng6 $4 (20. Nxc6 $142 Rxc6 21. Rxc6 bxc6 22. g4 $11) 20...
Bd6 $17 21. Bf4 Rd8 22. Bxd6 R5xd6 (22... R8xd6 $6 23. Rxc6 bxc6 24. Ne7+ Kf7
25. Nxd5 cxd5 26. Rc1 $11) 23. d5 $4 (23. h4 $142 $17) 23... Rxd5 $19 24. Rxd5
Rxd5 25. Ke2 (25. Nf4 Rd2 26. b4 Kf7 $19) 25... Rd3 (25... Kf7 $142 26. Nf4 Rb5
27. b4 $19) 26. Nf4 (26. Rc4 f5 27. f3 $19) 26... Rb3 27. Rb1 (27. h4 Rxb2+ 28.
Kf1 Kf7 $19) 27... Kf7 28. Kd2 (28. Ke1 f5 $19) 28... g5 29. Ne2 Rd3+ 30. Ke1
Ke6 (30... f5 31. Nc3 $19) 31. h4 (31. Rc1 f5 $19) 31... Ke5 32. hxg5 (32. Rc1
gxh4 33. Rc5+ Rd5 $19) 32... hxg5 33. Rc1 Rb3 34. Rc2 f5 (34... a5 35. Rc5+ Kd6
36. Rc4 Rxb2 37. Rxe4 $19) 35. Rc5+ (35. g4 fxg4 36. Kf1 e3 $19) 35... Kf6 36.
Rc2 (36. Ng3 Nd4 $19) 36... f4 {Black intends e3} (36... Ne5 $5 37. Kd2 Nd3 38.
f3 e3+ 39. Kxe3 Nb4+ 40. Rc3 Nd5+ 41. Kd3 Nxc3 42. bxc3 $19) 37. Rc4 (37. Kd1
Rd3+ 38. Ke1 e3 39. fxe3 Rxe3 $19) 37... e3 (37... Ne5 $142 38. Rxe4 Nd3+ 39.
Kd2 Nxf2 40. Re8 Rxb2+ 41. Kc3 $19) 38. fxe3 (38. Nxf4 gxf4 39. Rxf4+ Kg5 $19)
38... fxe3 (38... Rxe3 $142 39. Kf2 Kf5 40. Kf1 $19) 39. Re4 Kf5 40. Ng3+ Kf6
41. Nf1 (41. Nh5+ Kf7 42. g4 Rxb2 43. Rxe3 Rb5 44. Rf3+ Ke7 $19) 41... Rxb2 42.
Nxe3 Ra2 43. a4 a5 44. Rc4 (44. Kf1 Nb4 45. Re8 Rxa4 $19) 44... Ke5 45. Rg4 (
45. Kf1 Nd4 46. Rc7 $19) 45... Nb4 46. g3 Kf6 47. Rc4 (47. Rd4 Rxa4 48. Rd7 Ke5
49. Rxb7 Ke4 $19) 47... Rxa4 48. Rc7 (48. Rc8 Ke5 49. Rg8 Kd4 50. Nf5+ Kc3 $19)
48... Ra3 49. Ng4+ (49. Nd1 b6 50. Nc3 Ke5 $19) 49... Kf5 50. Nf2 (50. Nh6+ Kg6
51. Nf7 Rb3 52. Ne5+ Kf5 $19) 50... b6 (50... Nd3+ $142 51. Kd2 Nxf2 $19) 51.
g4+ (51. Rf7+ Ke5 52. Ng4+ Kd4 53. Rd7+ Kc5 $19) 51... Kf4 (51... Ke5 $142 52.
Rg7 Kf4 $19) 52. Rb7 (52. Rf7+ Ke3 53. Nd1+ Kd4 54. Rg7 Nd3+ 55. Kf1 $19) 52...
Nd3+ 53. Nxd3+ Rxd3 54. Rxb6 Kxg4 55. Kf2 Rd2+ 56. Kf1 Ra2 57. Ra6 Kg3 58. Rc6
g4 59. Rc3+ Kh2 60. Rc8 Ra1+ 61. Ke2 Kg2 62. Rg8 g3 63. Ra8 a4 64. Ra7 a3 65.
Ke3 Rf1 0-1

[Event "Boeing Playoff"]
[Site "?"]
[Date "1976.07.13"]
[Round "2"]
[White "Bailey, B."]
[Black "Lassen, M."]
[Result "1-0"]
[WhiteElo "1995"]
[BlackElo "1877"]
[Annotator "Stockfish 12 (20s)"]
[PlyCount "123"]

{C10: French with 3 Nc3: Unusual Black 3rd moves and 3...dxe4} 1. e4 e6 2. d4
d5 3. Nc3 dxe4 4. Nxe4 Nf6 5. Nxf6+ Qxf6 6. Nf3 Bd6 7. Bd3 h6 8. O-O O-O 9. Qe2
Nc6 10. Qe4 Qf5 11. Qh4 Be7 12. Qg3 Bd6 13. Qxd6 cxd6 14. Bxf5 exf5 15. Bf4 d5
16. c3 $146 (16. h4 Re8 17. Rfe1 Be6 18. c3 Rac8 19. Re3 f6 20. Rae1 Kf7 21.
Kf1 Bd7 22. Rxe8 Rxe8 23. Rxe8 Bxe8 24. Ke2 g5 25. hxg5 fxg5 26. Bd6 Ke6 27.
Bf8 g4 28. Ne1 h5 29. Ke3 Kf7 30. Bc5 Kf6 {
Csolto,R (2280)-Petko,V Martin 2003 1-0 (52)}) (16. Rfe1 f6 17. h4 Bd7 $11)
16... f6 $15 17. Rfe1 (17. g3 g5 18. Bd6 Rd8 $15) 17... Bd7 (17... Kf7 18. a4
$15) 18. Re2 Rfe8 19. Rae1 (19. Rxe8+ Rxe8 20. Re1 g5 21. Rxe8+ Bxe8 $11) 19...
b5 (19... Rxe2 $5 20. Rxe2 g5 $11) 20. Rxe8+ $11 Rxe8 (20... Bxe8 21. Bd6 $11)
21. Rxe8+ $14 Bxe8 22. Bd6 Kf7 23. Kf1 (23. Ne1 $5 $14) 23... Ke6 $11 24. Bf8
Kf7 25. Bc5 g5 (25... f4 26. Ke2 $11) 26. Ke2 (26. g3 $5 $14) 26... f4 $11 27.
Nd2 h5 28. Kf3 Bd7 29. h3 Bf5 30. Ke2 Bc2 31. b3 a6 32. Bd6 (32. c4 $5 bxc4 33.
bxc4 $11) 32... Ke6 $15 33. Bc5 Kf5 (33... Bf5 $5 $15) 34. c4 $11 dxc4 35. bxc4
bxc4 36. Nxc4 Ke6 37. g3 Bb1 38. a3 fxg3 39. fxg3 f5 40. Ke3 Ba2 41. Nb6 Ne7
42. Bxe7 Kxe7 43. h4 gxh4 44. gxh4 Kf6 45. Kf4 Bb3 $4 (45... Ke6 $142 $11) 46.
Nd7+ $18 Kg6 47. Ke5 Bc2 48. d5 (48. Nc5 a5 49. d5 Kf7 $18) 48... Kf7 49. Nb8 (
49. Nc5 a5 $18) 49... a5 50. Nc6 a4 51. Nd4 Bd3 52. Nxf5 Bxf5 53. Kxf5 Ke7 54.
Kg5 Kd6 55. Kxh5 Kxd5 56. Kg5 Kc4 57. h5 Kb3 58. h6 Kxa3 59. h7 Kb3 60. h8=Q a3
61. Qa1 a2 62. Kf4 1-0

[Event "Boeing Playoff"]
[Site "?"]
[Date "1976.07.20"]
[Round "3"]
[White "Murray, M."]
[Black "Bailey, B."]
[Result "1/2-1/2"]
[WhiteElo "2130"]
[BlackElo "1995"]
[Annotator "Stockfish 12 (20s)"]
[PlyCount "59"]

{C68: Ruy Lopez: Exchange Variation, sidelines} 1. e4 e5 2. Nf3 Nc6 3. Bb5 a6
4. Bxc6 dxc6 5. Nc3 f6 6. d4 exd4 7. Qxd4 Qxd4 8. Nxd4 Bd6 9. Be3 Ne7 10. O-O-O
c5 (10... Bd7 11. Nb3 O-O-O 12. Nc5 Bxc5 13. Bxc5 Ng6 {
1/2-1/2 (13) Serper,G (2558)-Ivanov,A (2578) Seattle 2002}) 11. Nde2 (11. Nb3
b6 12. Rhe1 O-O 13. f4 Re8 14. h3 Ng6 15. f5 Ne5 16. Nd5 Rb8 17. Nd2 Bb7 18.
Nf4 Nf7 19. Nd5 Bxd5 20. exd5 Bg3 21. Re2 Nd6 22. Rf1 Re5 23. Rf3 Bh4 24. g4
Rbe8 25. b3 Rxd5 {Hofstetter,H (2153)-Braeutigam,T (2088) Bayern 2004 0-1 (44)}
) 11... Be6 12. Bf4 $146 (12. Na4 c4 13. Bf4 O-O-O 14. Nb6+ Kb8 15. Bxd6 Rxd6
16. Rxd6 cxd6 17. Nf4 Bf7 18. Nfd5 Nxd5 19. exd5 c3 20. Re1 Ka7 21. Re7 Bg6 22.
Nc4 cxb2+ 23. Kxb2 Rc8 24. Ne3 Kb6 25. Rxg7 f5 26. g3 f4 {
Stanojoski,Z (2496)-Skembris,S (2443) Athens 2003 1/2-1/2 (43)}) (12. Nf4 Bf7
13. f3 O-O-O 14. Ncd5 Nc6 15. h4 Ne5 16. Nd3 Bxd5 17. exd5 Nxd3+ 18. Rxd3 Rhe8
19. c4 h5 20. Kd1 b6 21. Bf2 Be5 22. Kc2 Bxb2 23. Re3 Rxe3 24. Bxe3 Be5 25. a4
Re8 26. Kd3 Bd6 {Kredl,K-Vechet,S (2260) Brno 1996 0-1 (40)}) (12. Na4 c4 $14)
12... O-O-O 13. Bxd6 cxd6 14. Nf4 Bf7 15. Rd2 b5 16. Rhd1 Kc7 17. Rd3 (17. a3
Rhe8 $11) 17... g5 18. Nfd5+ Nxd5 19. Nxd5+ Bxd5 20. Rxd5 Rhe8 21. f3 Re5 22.
a3 Rxd5 23. Rxd5 Kd7 24. Kd2 Re8 25. Rf5 Ke6 26. Ke3 a5 27. Kd2 a4 28. c3 Rd8
29. Rd5 Rf8 30. Rf5 1/2-1/2

[Event "Boeing Playoff"]
[Site "?"]
[Date "1976.08.31"]
[Round "4"]
[White "Bailey, B."]
[Black "Murray, M."]
[Result "0-1"]
[WhiteElo "1995"]
[BlackElo "2130"]
[Annotator "Stockfish 12 (20s)"]
[PlyCount "64"]

{C48: Four Knights: 4 Bb5, replies other than 4...Bb4} 1. e4 e5 2. Nf3 Nc6 3.
Bb5 Bc5 4. O-O Nf6 5. d3 d6 6. Nc3 a6 7. Ba4 (7. Bxc6+ bxc6 8. Bg5 O-O 9. Qe2
Bg4 10. Rad1 Rb8 11. b3 Bd4 12. Nb1 d5 13. exd5 cxd5 14. h3 Bh5 15. c4 h6 16.
Bd2 e4 17. dxe4 dxe4 18. Nxd4 Bxe2 19. Nxe2 Re8 {
0-1 (19) Suendorf,A-Thielen,L (952) Rotenburg/Wuemme 2006}) 7... Bg4 8. Be3
$146 (8. a3 b5 9. b4 Bd4 10. Bd2 bxa4 11. Rb1 Ba7 12. Be3 Qd7 13. Nd5 Nxd5 14.
exd5 Nd4 15. Bxd4 Bxd4 16. Qe2 Bb6 17. Rfe1 Qf5 18. Nh4 Qh5 19. Nf3 O-O 20. h3
Bxf3 21. Qxf3 Qxf3 22. gxf3 f5 {
Cuche,M-George Nascimento,J Santiago 1992 0-1 (38)}) (8. h3 Bh5 $14) 8... Nd7 (
8... b5 9. Bb3 $11) 9. Bxc6 bxc6 10. Na4 Ba7 11. Qd2 (11. h3 $142 $5 Bh5 12.
Bxa7 Rxa7 13. Qe2 $11) 11... Bxf3 $17 12. gxf3 Qh4 13. f4 $2 (13. Kg2 $142 Nf8
14. Qc3 $17) 13... Qg4+ $19 14. Kh1 Qf3+ 15. Kg1 Qg4+ 16. Kh1 Qf3+ 17. Kg1 exf4
18. Bxf4 (18. Bxa7 Rxa7 19. Qd1 $19) 18... h5 19. Be3 (19. d4 h4 20. Qe3 Qg4+
21. Kh1 Bxd4 22. f3 Bxe3 23. fxg4 Bxf4 24. Rxf4 $19) 19... Qg4+ 20. Kh1 Qf3+
21. Kg1 Ne5 22. Qd1 (22. d4 Qg4+ 23. Kh1 Nf3 $19) 22... Qh3 23. Bf4 (23. f3 Ng4
24. Qe2 Nxe3 $19) 23... Ng6 24. Bg5 f6 25. d4 fxg5 26. f3 (26. Qd3 Qxd3 27.
cxd3 Bxd4 $19) 26... O-O (26... Nh4 $142 27. Rf2 O-O 28. Kh1 Nxf3 29. Nc3 Bxd4
30. Qf1 $19) 27. c3 Nh4 28. Rf2 Rab8 (28... Rxf3 29. Nc5 Qg4+ 30. Kh1 Raf8 31.
Rd2 dxc5 32. a3 Qxe4 33. Kg1 cxd4 34. Qb3+ Kh8 35. h3 dxc3+ 36. Qb6 Rxh3 37.
Rh2 Bxb6+ 38. Rf2 Qg2#) 29. Qe2 Rxf3 30. Qc4+ Kh8 31. Raf1 Rbf8 32. Qe2 Qg4+ (
32... Qg4+ 33. Kh1 Rxf2 34. Qxg4 Rxf1+ 35. Qg1 R8f2 36. a3 Nf3 37. b3 Rxg1#)
0-1

[Event "Boeing Playoff"]
[Site "?"]
[Date "1976.07.28"]
[Round "5"]
[White "Pitt, A."]
[Black "Bailey, B."]
[Result "0-1"]
[WhiteElo "1915"]
[BlackElo "1995"]
[Annotator "Stockfish 12 (20s)"]
[PlyCount "154"]

{C20: 1 e4 e5: Unusual White second moves} 1. e4 e5 2. d3 Bc5 3. f4 Bxg1 4.
Rxg1 Qh4+ 5. g3 Qxh2 6. Rg2 Qh6 $146 (6... Qh1 7. fxe5 Ne7 8. Nc3 O-O 9. Bg5 f6
10. exf6 d5 11. e5 Bh3 12. Qe2 Nbc6 13. O-O-O Nd4 14. Qf2 Bxg2 15. Bxg2 Qh5 16.
Bf4 Nef5 17. Bxd5+ Kh8 18. g4 Qxg4 19. Rg1 Qh5 20. Qxd4 {
1-0 (20) Frenkel,F (2225)-Colias,B (2290) Philadelphia 1990}) (6... Qh1 7. Qg4
Ne7 8. Qxg7 $18) 7. fxe5 Qb6 8. c3 (8. Qg4 $142 $5 Qg6 9. Qf4 Ne7 $18) 8... d6
9. exd6 Qxd6 10. Bf4 Qe7 11. Nd2 Bh3 $2 (11... Nf6 $142 12. d4 Bh3 $18) 12. Rf2
(12. Qb3 $142 $5 b6 13. d4 Nf6 $18) 12... Bxf1 13. Nxf1 (13. Qg4 $5 f5 14. Qxf5
Bxd3 15. Qc8+ Qd8 16. Qxb7 Nd7 17. Bxc7 Qc8 $18) 13... Nc6 14. Ne3 (14. Qg4 f6
$18) 14... O-O-O 15. Qg4+ Qe6 16. Qxg7 Nge7 17. O-O-O (17. d4 $142 $5 Qxe4 18.
O-O-O $16) 17... Qxa2 $16 18. Qg4+ (18. Bh6 f5 $16) 18... Kb8 (18... Rd7 19.
Qh5 Rhd8 20. d4 $14 (20. Qxh7 $143 b5 21. Qh5 Qa1+ 22. Kc2 Qa4+ 23. Kc1 Qa1+
24. Kc2 Qa4+ 25. Kc1 b4 $11)) 19. Nc2 (19. Qg5 $142 $16) 19... Na5 $11 20. Na3
Ng6 21. Kc2 Qb3+ 22. Kb1 h5 23. Qe2 Nxf4 24. Rxf4 Rdg8 25. Rdf1 Rxg3 26. Rf5
Nc6 27. Rxf7 (27. Rxh5 $143 Rxh5 28. Qxh5 Rxd3 $17) 27... Rg1 $4 (27... Nd8 28.
R7f3 Qg8 29. Rf8 Qxf8 30. Rxf8 Rxf8 31. Qxh5 Rxd3 32. Nc4 $11) 28. Qf2 $4 (28.
Qxh5 $142 $1 Rhg8 29. Rf8+ Rxf8 30. Rxg1 $16) 28... Rxf1+ $11 29. Qxf1 a6 (
29... Nd8 30. Re7 $11) 30. Qf4 (30. Rf8+ Rxf8 31. Qxf8+ Ka7 32. Qc5+ Qb6 33.
Qxh5 Qg1+ 34. Ka2 Qg8+ 35. Ka1 Qg1+ 36. Nb1 $11) 30... Qd1+ 31. Ka2 Rc8 32. e5
(32. Nc4 $142 Qa4+ 33. Kb1 Qd1+ 34. Ka2 Qa4+ 35. Kb1 Qd1+ 36. Ka2 $11) 32...
Qxd3 $17 33. Nc4 $4 (33. e6 Qd5+ 34. Qc4 $15) 33... b5 (33... Qd5 $142 34. Ka3
Nd8 $19) 34. Nd6 $4 (34. Ne3 $142 $11) 34... cxd6 (34... Qd5+ 35. Nc4 Rh8 36.
e6 Qxc4+ 37. Qxc4 bxc4 38. e7 Nxe7 39. Rxe7 $19) 35. exd6 Qc4+ 36. Kb1 (36.
Qxc4 bxc4 37. Rh7 $19) 36... Qxf4 37. Rxf4 Rd8 38. Rf6 h4 39. d7 (39. Rh6 Ne5
40. b3 $19) 39... Kc7 40. Rh6 Rxd7 41. Rxh4 Ne5 42. Kc2 Kc6 (42... Rd2+ $142
43. Kc1 Rf2 44. b4 $19) 43. b3 (43. Rh8 $19) 43... a5 44. Rh6+ Rd6 45. Rh8 Nd7
46. Ra8 (46. Rh4 Rf6 47. Kd1 Rf1+ 48. Kc2 Rf2+ 49. Kb1 Ne5 $19) 46... Kb6 47.
Rh8 b4 48. cxb4 (48. Rd8 $19) 48... axb4 49. Rh4 Kc5 50. Rc4+ Kb5 51. Rh4 Re6
52. Rh3 Re4 53. Rh5+ Re5 54. Rh3 Nc5 55. Rg3 Re4 56. Rh3 Nd7 57. Rh5+ Ne5 58.
Rh3 Kc5 59. Kd2 Kd4 60. Rg3 Rg4 61. Rh3 Rg2+ 62. Kd1 Nd3 (62... Rf2 63. Rh8 Kc3
64. Rc8+ Kxb3 65. Kc1 Nf3 66. Kd1 Ka3 67. Ra8+ Kb2 68. Rd8 b3 69. Rd7 Rd2+ 70.
Rxd2+ Nxd2 71. Kxd2 Ka2 72. Kc3 b2 73. Kc4 b1=Q 74. Kd5 Qf5+ 75. Kc6 Ka3 76.
Kc7 Qe6 77. Kb8 Qd7 78. Ka8 Kb4 79. Kb8 Ka5 80. Ka8 Ka6 81. Kb8 Qb7#) 63. Rh2
Rb2 (63... Nb2+ 64. Ke1 Rxh2 65. Kf1 Rh3 66. Kg1 Rxb3 67. Kg2 Rc3 68. Kf1 b3
69. Kf2 Nc4 70. Ke2 b2 71. Kf2 b1=Q 72. Ke2 Rf3 73. Kxf3 Ne3 74. Kf2 Qf1+ 75.
Kg3 Qg2+ 76. Kf4 Qg4#) 64. Rh4+ $19 Ke5 65. Re4+ Kf5 (65... Kxe4 $4 66. -- Rxb3
67. Kc2) 66. Re3 Rxb3 67. Kc2 Rc3+ 68. Kd2 Nc5 69. Rxc3 Ne4+ (69... bxc3+ $6
70. Kxc3 $11) 70. Kd3 Nxc3 71. Kc4 Nd5 $1 72. Kd4 (72. Kxd5 b3 {Passed pawn})
72... b3 73. Kd3 Ke5 74. Kd2 Kd4 75. Kd1 Kc3 76. Kc1 b2+ 77. Kb1 Ne7 0-1